| 000 | 01072nam a2200265 a 4500 | ||
|---|---|---|---|
| 001 | 000026447 | ||
| 005 | 20200930030229.0 | ||
| 008 | 110318s1985 ag r 000 0 spa d | ||
| 020 | _a9509432407 | ||
| 040 |
_aDO-SdBNP _bspa _cBNPHU |
||
| 041 | 1 | 7 |
_aspa _heng _2Código de idioma MARC |
| 082 |
_axxx _bH255p |
||
| 100 | 1 |
_aHarbour, William R. _953501 |
|
| 240 | 1 | 0 |
_aThe Four-dations of conservative thought: An anglo-american tradition in perspective. _lEspañol. |
| 245 | 1 | 0 |
_aEl pensamiento conservador / _cWilliam R. Harbour ; traducción Juan Carlos Gorlier, Bibiana Tonnelier. |
| 260 |
_aBuenos Aires, (Argentina) : _bGrupo Editor Latinoamericano, _c1985. |
||
| 300 |
_a196, [3] p. ; _c24 cm. |
||
| 490 | 1 | _aTemas | |
| 534 |
_aTítulo del original en inglés: _tThe Four-dations of conservative thought. An anglo-american tradition in perspective. |
||
| 500 | _aIncluye referencias bibliográficas al pie de las páginas | ||
| 700 | 1 |
_aGorlier, Juan Carlos _etr. _951405 |
|
| 700 | 1 |
_aTonnelier, Bibiana _etr. _953502 |
|
| 830 | 0 |
_aTemas _99064 |
|
| 049 | _aBNGR | ||
| 999 |
_c25939 _d25939 |
||